Islam's political culture: religion and politics in predivided Pakistan (Record no. 399185)

000 -LEADER
fixed length control field 00527cam a22001697a 4500
008 - FIXED-LENGTH DATA ELEMENTS--GENERAL INFORMATION
fixed length control field 180718b2001 xxu||||| |||| 00| 0 eng d
020 ## - INTERNATIONAL STANDARD BOOK NUMBER
International Standard Book Number 0195797167
082 ## - DEWEY DECIMAL CLASSIFICATION NUMBER
Classification number AB7x547 J329
100 ## - MAIN ENTRY--PERSONAL NAME
Personal name Jawed, Nasim A.
245 ## - TITLE STATEMENT
Title Islam's political culture: religion and politics in predivided Pakistan
Statement of responsibility, etc. by Nasim A. Jawed
260 ## - PUBLICATION, DISTRIBUTION, ETC.
Place of publication, distribution, etc. Oxford
Name of publisher, distributor, etc. Oxford Univ. Press
Date of publication, distribution, etc. 2001
300 ## - PHYSICAL DESCRIPTION
Extent 294p.
650 ## - SUBJECT ADDED ENTRY--TOPICAL TERM
Topical term or geographic name entry element Islam - Pakistan
650 ## - SUBJECT ADDED ENTRY--TOPICAL TERM
Topical term or geographic name entry element Religion and politics
650 ## - SUBJECT ADDED ENTRY--TOPICAL TERM
Topical term or geographic name entry element Pakistan - Religion
650 ## - SUBJECT ADDED ENTRY--TOPICAL TERM
Topical term or geographic name entry element Political culture - Pakistan
Holdings
Withdrawn status Lost status Damaged status Not for loan Permanent Location Current Location Date acquired Full call number Barcode Date last seen Price effective from Koha item type
        Indian Institute of Public Administration Indian Institute of Public Administration 2002-02-28 AB7x547 J329 77293 2018-07-21 2018-07-21 Book

Powered by Koha